| 000 | 01285nam a2200361Ia 4500 | ||
|---|---|---|---|
| 001 | Z_6566 | ||
| 003 | CHAP | ||
| 005 | 20240816093531.0 | ||
| 008 | 220113s2011 xx 000 0 und d | ||
| 010 | _a169837 | ||
| 040 | _cCHAP | ||
| 090 | _aTesis V39 2307 | ||
| 100 |
_aVazquez Mendoza, Oscar Vicente _9120431 |
||
| 245 |
_aCaracterísticas de la canal y de la carne de toretes de diferente genotipo finalizados en corral / _cOscar Vicente Vazquez Mendoza |
||
| 260 |
_aMéxico : _bEl autor, _c2011 |
||
| 300 | _aCD | ||
| 502 | _aTesis (Maestro en Ciencias en Innovación Ganadera) -- UACh, 2011 \ Director: Gilberto Aranda Osorio; asesoría: Maximino Huerta Bravo y Ema de Jesús Maldonado Simán | ||
| 650 |
_aBovino de carne _9142800 |
||
| 650 |
_aCalidad de la canal _9145198 |
||
| 650 |
_aCalidad de la carne _9138315 |
||
| 650 |
_aFinalización _9145199 |
||
| 650 |
_aGanado Bovino _9138033 |
||
| 650 |
_aRazas _994877 |
||
| 700 |
_a Huerta Bravo, Maximino, asesor _9137843 |
||
| 700 | 1 |
_aMaldonado Simán, Ema de Jesús _970136 |
|
| 700 |
_aAranda Osorio, Gilberto, director _9142804 |
||
| 856 | 4 | 2 |
_uhttp://10.13.5.2/tesis/113356.pdf _yDescargar PDF |
| 901 | _aTESIS V39 2307 | ||
| 902 | _aM | ||
| 910 | _a2011 | ||
| 942 |
_c2 _2ddc |
||
| 942 |
_c2 _2ddc |
||
| 999 |
_c169837 _d169837 |
||